| 000 | 00684nam a2200217 4500 | ||
|---|---|---|---|
| 003 | OSt | ||
| 005 | 20240715055903.0 | ||
| 006 | a | ||
| 008 | 240715b |||||||| |||| 00| 0 eng d | ||
| 020 | _a9781591584278 | ||
| 040 |
_aDWCL-Main lib. _cOC |
||
| 082 | _aRes. 027.8 H893s 2007 | ||
| 100 | _aHughes-Hassell, Sandra | ||
| 245 | _aSchool reform and the school library media specialist / | ||
| 260 |
_aWestport, Connecticut : _bLibraries Unlimited, _cc2007. |
||
| 300 |
_axxiii, _b204 p. : ill. ; _c25 cm. |
||
| 504 | _aIncludes bibliographical references and index. | ||
| 650 | _a1. School libraries. | ||
| 650 | _a2. Educational change. | ||
| 942 |
_2ddc _n0 _cBK-0 CIRC _kRes. |
||
| 999 |
_c2183 _d2183 |
||